Dictionary of Business and Economics. (Record no. 3427)

MARC details
005 - DATE AND TIME OF LATEST TRANSACTION
control field 20250607113550.0
020 ## - INTERNATIONAL STANDARD BOOK NUMBER
International Standard Book Number 0-02-900590
082 ## - DEWEY DECIMAL CLASSIFICATION NUMBER
Classification number REF 330.03 AMM
100 ## - MAIN ENTRY--PERSONAL NAME
Author name AMMER, C.
245 ## - TITLE STATEMENT
Title Dictionary of Business and Economics.
260 ## - PUBLICATION, DISTRIBUTION, ETC.
Place of publication, distribution, etc. New York,
Name of publisher, distributor, etc. Macmillan,
Date of publication, distribution, etc. 1977.
300 ## - PHYSICAL DESCRIPTION
Extent x, 461p.: ill.; figure
Other physical details Bibliography
Dimensions 24cm.
700 ## - ADDED ENTRY--PERSONAL NAME
Other authors/Editors AMMER, D. S.
942 ## - ADDED ENTRY ELEMENTS (KOHA)
Source of classification or shelving scheme Dewey Decimal Classification
Koha item type Books
Holdings
Date last seen Total checkouts Full call number Barcode Cost, replacement price Price effective from Koha item type Lost status Source of classification or shelving scheme Damaged status Not for loan Withdrawn status Home library Current library Shelving location Date acquired Cost, normal purchase price
06/07/2025   REF 330.03 AMM 00000011564 30000.00 06/07/2025 Books   Dewey Decimal Classification       College of Business Education Main Library College of Business Education Main Library Reference Collection 04/27/1991 10000.00